Click the The Weeknd Song Title Ending - Statistics

General Stats
  • This quiz has been taken 156 times
  • The average score is 15 of 20
Answer Stats
Hint Answer % Correct
I Feel It Coming
98%
Blinding Lights
96%
Can't Feel My Face
94%
Call Out My Name
93%
Die For You
92%
I Was Never There
90%
Save Your Tears
89%
Take My Breath
87%
One Of The Girls
87%
After Hours
83%
In Your Eyes
80%
The Hills
77%
Earned It
75%
Out Of Time
74%
In The Night
72%
Party Monster
63%
Live For
54%
Love In The Sky
52%
Belong To The World
43%
Kiss Land
37%
No matching quizzes found
Score Distribution
Percent of People with Each Score
Percentile by Number Answered
Your Score History
You have not taken this quiz